|
|
|
|
| LEADER |
01144nam a2200313 a 4500 |
| 001 |
7590 |
| 003 |
BD-DhAAL |
| 005 |
20150817141219.0 |
| 008 |
150817s2007 enka 001 0 eng |
| 010 |
|
|
|a 2007300354
|
| 020 |
|
|
|a 9780756631956
|
| 020 |
|
|
|a 0756631955
|
| 040 |
|
|
|a IEP
|c IEP
|d BAKER
|d CPL
|d DLC
|d BD-DhAAL
|
| 050 |
0 |
0 |
|a GV707
|b .S698 2007
|
| 082 |
|
|
|a 796/.02
|
| 245 |
0 |
4 |
|a The sports book :
|b the games, the rules, the tactics, the techniques /
|c [senior editor, David Summers ; project editors, Tarda Davison-Aitkins ... et al.].
|
| 250 |
|
|
|a 1st American ed.
|
| 260 |
|
|
|a London ;
|a New York :
|b DK Pub.,
|c 2007.
|
| 300 |
|
|
|a 448 p. :
|b col. ill. ;
|c 27 cm.
|
| 500 |
|
|
|a Includes index.
|
| 541 |
|
|
|e 7590
|
| 650 |
|
0 |
|a Sports
|v Miscellanea.
|9 13905
|
| 650 |
|
0 |
|a Sports
|v Rules.
|9 13906
|
| 650 |
|
0 |
|a Sports.
|9 13907
|
| 700 |
1 |
|
|a Summers, David.
|9 13908
|
| 700 |
1 |
|
|a Davison-Aitkins, Tarda.
|9 13909
|
| 942 |
|
|
|2 ddc
|c BK
|
| 999 |
|
|
|c 35270
|d 35270
|
| 952 |
|
|
|0 0
|1 0
|2 ddc
|4 0
|6 796_020000000000000_SPO
|7 0
|9 55326
|a SCL
|b SCL
|c GEN
|d 2015-08-17
|e Gift: The Asia Foundation
|l 6
|m 13
|o 796.02 SPO
|p 3020007590
|r 2024-06-11
|s 2024-02-03
|t 1
|w 2015-08-17
|y BK
|